Spokojnosť a vernosť zákazníkov pri nakupovaní produktov na zľavových portáloch bakalárska práca

Guardado en:
Detalles Bibliográficos
Autor principal: Jenčová, Juliána, 1996-
Autor Corporativo: Podnikovohospodárska fakulta EU so sídlom v Košiciach. Katedra obchodného podnikania
Otros Autores: Naščáková, Jana
Formato: Libro
Lenguaje:eslovaco
Publicado: Košice 2018
Etiquetas: Agregar Etiqueta
Sin Etiquetas, Sea el primero en etiquetar este registro!

MARC

LEADER 00000nbm a2200000 4500
001 0245732
005 20181023140240.7
041 0 |a slo 
044 |a SK 
245 1 0 |a Spokojnosť a vernosť zákazníkov pri nakupovaní produktov na zľavových portáloch  |b bakalárska práca  |c Juliána Jenčová ; školiteľ: Jana Naščáková 
264 1 |a Košice  |c 2018 
300 |a 63 s. 
100 1 |a Jenčová, Juliána, 1996- 
700 1 |a Naščáková, Jana 
710 2 |a Podnikovohospodárska fakulta EU so sídlom v Košiciach. Katedra obchodného podnikania